000
00262nam a22001217a 4500
020
_a
81-82-023-039-2
082
_a
823
_b
BOO/F
100
_a
BOOK PARADISE
245
_a
THE FROG PRINCE
260
_a
UK
_b
LADYBIRD
650
_a
ENGLISH SHORT STORY
_z
UK
942
_c
BK
999
_c
4854
_d
4854